000 00954cam a22002653a 4500
001 2398
003 PGUSA
005 20140828083014.0
008 001101s2000||||xxu|||||s|||||000 p eng d
040 _aPGUSA
_beng
042 _adc
050 4 _aNX
100 1 _aPater, Walter,
_d1839-1894
245 1 4 _aThe Renaissance :
_bStudies in Art and Poetry
_h[electronic resource] /
_cWalter Pater
260 _bProject Gutenberg,
_c2000
505 0 _aPreface -- Two early French stories -- Pico della Mirandola -- Sandro Botticelli -- Luca della Robbia -- The poetry of Michelangelo -- Leonardo da Vinci -- The school of Giorgione -- Joachim du Bellay -- Winckelmann -- Conclusion.
506 _aPublic domain in the USA.
516 _aElectronic text
653 _aRenaissance
653 _aRenaissance -- Italy
653 _aArts, Renaissance
830 0 _aProject Gutenberg
_v2398
856 4 0 _uhttp://www.gutenberg.org/ebooks/2398
942 _cEB
999 _c231735
_d231735